| 000 | 00496nam a22001577a 4500 | ||
|---|---|---|---|
| 005 | 20260427102814.0 | ||
| 008 | 260427b |||||||| |||| 00| 0 eng d | ||
| 022 | _a978-93-90385-29-4 | ||
| 050 | _aQA76.9 .A25 G73 2018 C4 | ||
| 100 | _aHarper, Allen. | ||
| 245 |
_aGray hat hacking:/ Allen Harper "[and others] _b The ethical hacker's handbook |
||
| 250 | _a5th Ed. | ||
| 260 |
_aHaryana _bMcGraw _c2018 |
||
| 300 | _axxxi, 602p. includes bibliographic references and index | ||
| 942 |
_2lcc _cBK |
||
| 999 |
_c217052 _d217052 |
||